History Quiz

Random History Quiz
Score 0/27 Timer 05:00
0 Plays Today
% Correct
1st
93.3%
2nd
89.9%
13th
85.1%
18th
80.2%
19th
77.6%
3rd
74.3%
21st
74.3%
15th
67.2%
8th
66%
4th
64.9%
6th
62.3%
5th
58.2%
26th
57.1%
14th
56.3%
% Correct
27th
55.2%
10th
54.9%
16th
54.9%
22nd
53.7%
17th
51.5%
9th
49.6%
12th
49.6%
11th
48.1%
7th
47.8%
23rd
43.3%
24th
42.2%
25th
36.9%
20th
29.9%
Remove Ads.
Support Sporcle.
Get the best of Sporcle when you Go Orange. This ad-free experience offers more features, more stats, and more fun while also helping to support Sporcle. Thank you for becoming a member.

You're not logged in!

Compare scores with friends on all Sporcle quizzes.
OR
Log In

Show Comments

Extras

Top Quizzes Today


Score Distribution

Your Account Isn't Verified!

In order to create a playlist on Sporcle, you need to verify the email address you used during registration. Go to your Sporcle Settings to finish the process.

Report this User

Report this user for behavior that violates our Community Guidelines.

Details: